Street Fighter II - Personagens - Statistics

Estatísticas Gerais
  • Esse quiz foi jogado 50 vezes
  • A pontuação média é 13 de 17
Estatísticas das Respostas
Imagem Resposta % Correto
Ken
97%
Chun-Li
95%
Ryu
95%
Vega
92%
Guile
90%
Blanka
87%
M. Bison
82%
Sagat
82%
Cammy
79%
Zangief
79%
Akuma
77%
Balrog
74%
E. Honda
72%
Dhalsim
69%
Dee Jay
59%
Feilong
56%
T. Hawk
51%
Nenhum quiz correspondente encontrado
Distribuição das Pontuações
Porcentagem de Pessoas com Cada Pontuação
Percentil de Números Respondidos
Sua Pontuação Histórica
Você não jogou esse quiz